[Event "Agzamov Memorial 04th"]
[Site "Tashkent"]
[Date "2010.03.24"]
[Round "2"]
[White "Turaev, Halim"]
[Black "Dreev, Alexey"]
[Result "0-1"]
[WhiteElo "2284"]
[BlackElo "2653"]
[PlyCount "75"]
[EventDate "2010.03.23"]
[EventType "swiss"]
[EventRounds "9"]
[EventCountry "UZB"]
[SourceTitle "CBM 135 Extra"]
[Source "ChessBase"]
[SourceDate "2010.05.04"]
[SourceVersion "1"]
[SourceVersionDate "2010.05.04"]
[SourceQuality "1"]

1. d4 d5 2. e3 c5 3. c3 Nc6 4. f4 Bf5 5. Nf3 e6 6. Bd3 Bxd3 7. Qxd3 Nf6 8. Nbd2 Bd6 9. Ne5 Qb6 10. b3 0-0 11. Bb2 Rac8 12. Nxc6 Qxc6 13. 0-0 Rfd8 14. Qe2 Qc7 15. Qf3 Qa5 16. a4 Qa6 17. Rfd1 Qd3 18. Rac1 cxd4 19. Nc4 Qg6 20. Nxd6 Rxd6 21. exd4 Rb6 22. b4 Rbc6 23. a5 Ne4 24. Rd3 h5 25. Rf1 Qf5 26. Qe3 f6 27. Rf3 Kf7 28. Qe2 Rc4 29. Qd1 Qg4 30. Qa4 R4c6 31. f5 Ng5 32. fxe6+ Qxe6 33. Rfe3 Ne4 34. Qd1 Qg4 35. Qf3 Qxf3 36. gxf3 Nd6 37. Bc1 Nf5 38. Re2 0-1

[Event "Agzamov Memorial 03rd"]
[Site "Tashkent"]
[Date "2009.03.24"]
[Round "8"]
[White "Turaev, Halim"]
[Black "Kasimdzhanov, Rustam"]
[Result "0-1"]
[WhiteElo "2334"]
[BlackElo "2687"]
[PlyCount "120"]
[EventDate "2009.03.15"]
[EventType "swiss"]
[EventRounds "9"]
[EventCountry "UZB"]
[SourceTitle "CBM 129 Extra"]
[Source "ChessBase"]
[SourceDate "2009.05.05"]
[SourceVersion "2"]
[SourceVersionDate "2009.05.20"]
[SourceQuality "1"]

1. d4 Nf6 2. Bg5 d6 3. Bxf6 exf6 4. e3 f5 5. g3 Nd7 6. Bg2 Nf6 7. c4 g6 8. Nc3 Bg7 9. Nge2 0-0 10. Qc2 Re8 11. h4 Rb8 12. Nf4 Ng4 13. 0-0-0 h5 14. Rhe1 c6 15. Bf3 Nf6 16. Kb1 Bd7 17. Rd2 Qe7 18. Rc1 a6 19. Qd1 b6 20. Qh1 Rec8 21. Rdc2 b5 22. c5 dxc5 23. dxc5 Qxc5 24. Ne4 Qxc2+ 25. Rxc2 fxe4 26. Bd1 c5 27. Rd2 c4 28. Bc2 Bf5 29. Nd5 Nxd5 30. Rxd5 b4 31. b3 cxb3 32. Bxb3 Be6 33. Rd6 Bxb3 34. axb3 Rc3 35. Qd1 Kh7 36. g4 Rb5 37. Rd5 hxg4 38. Rxb5 axb5 39. Qd5 Kg8 40. Qd8+ Bf8 41. Qd5 Rd3 42. Qxe4 Rxb3+ 43. Kc1 Rc3+ 44. Kb1 b3 45. h5 gxh5 46. Qe8 b4 47. Qe5 Rc5 48. Qh2 Rd5 49. e4 Rg5 50. Kb2 Kg7 51. Kxb3 Kg6 52. Qb8 Bg7 53. Qg3 Be5 54. Qg2 h4 55. Kxb4 h3 56. Qh1 h2 57. Kc4 Rh5 58. Kd3 Rh3+ 59. Ke2 Kh5 60. Kf1 Ra3 0-1